书目信息 |
| 题名: |
为生命教语文
|
|
| 作者: | 辛晓明 著 | |
| 分册: | ||
| 出版信息: | 长沙 湖南教育出版社 2018.09 |
|
| 页数: | 363页 | |
| 开本: | 26cm | |
| 丛书名: | ||
| 单 册: | ||
| 中图分类: | G623.202 | |
| 科图分类: | ||
| 主题词: | 小学语文课--教学研究 | |
| 电子资源: | ||
| ISBN: | 978-7-5539-5708-1 | |
| 000 | 00807nam0 2200241 450 | |
| 001 | 0103152703 | |
| 005 | 20201103152733.0 | |
| 010 | @a978-7-5539-5708-1@dCNY49.80 | |
| 100 | @a20190118d2018 em y0chiy50 ea | |
| 101 | 0 | @achi |
| 102 | @aCN@b430000 | |
| 105 | @ay z 000yy | |
| 106 | @ar | |
| 200 | 1 | @a为生命教语文@Awei sheng ming jiao yu wen@f辛晓明著 |
| 210 | @a长沙@c湖南教育出版社@d2018.09 | |
| 215 | @a363页@d26cm | |
| 300 | @a湖南省“双百工程”优秀教育教学著作 | |
| 330 | @a本书分理性思考、实践留痕、心路一行三部分,收录了作者对小学语文教学研究的思考,收录了《观潮》教学实录与赏析、《长相思》教学实录与赏析等实例。 | |
| 606 | 0 | @a小学语文课@x教学研究 |
| 690 | @aG623.202@v5 | |
| 701 | 0 | @a辛晓明@Axin xiao ming@4著 |
| 801 | 0 | @aCN@bBJSZM@c20201103 |
| 905 | @b1258121-5@dG623.202@e1093@f5 | |
| 为生命教语文/辛晓明著.-长沙:湖南教育出版社,2018.09 |
| 363页;26cm |
| 湖南省“双百工程”优秀教育教学著作 |
| ISBN 978-7-5539-5708-1:CNY49.80 |
| 本书分理性思考、实践留痕、心路一行三部分,收录了作者对小学语文教学研究的思考,收录了《观潮》教学实录与赏析、《长相思》教学实录与赏析等实例。 |
| ● |
| 相关链接 |
|
|
|
|
正题名:为生命教语文
索取号:G623.202/1093
 
预约/预借
| 序号 | 登录号 | 条形码 | 馆藏地/架位号 | 状态 | 备注 |
| 1 | 1258121 | 212581213 | 第一样本阅览室/ [索取号:G623.202/1093] | 在馆 | |
| 2 | 1258122 | 212581222 | 教育系资料室/ [索取号:G623.202/1093] | 在馆 | |
| 3 | 1258123 | 212581231 | 教育系资料室/ [索取号:G623.202/1093] | 在馆 | |
| 4 | 1258124 | 212581240 | 第四借阅区/ [索取号:G623.202/1093] | 在馆 | |
| 5 | 1258125 | 212581259 | 第四借阅区/ [索取号:G623.202/1093] | 在馆 |